LIBRARY & INFORMATION CENTRE, KCAET, TAVANUR

ONLINE PUBLIC ACCESS CATALOGUE (OPAC)

Normal view MARC view
  • Adhithya P B

Entry Personal Name

Number of records used in: 1

001 - CONTROL NUMBER

  • control field: 6227

003 - CONTROL NUMBER IDENTIFIER

  • control field: OSt

005 - DATE AND TIME OF LATEST TRANSACTION

  • control field: 20240701150247.0

008 - FIXED-LENGTH DATA ELEMENTS

  • fixed length control field: 240701|| aca||aabn | a|a d

040 ## - CATALOGING SOURCE

  • Original cataloging agency: OSt
  • Transcribing agency: OSt

100 ## - HEADING--PERSONAL NAME

  • Personal name: Adhithya P B

670 ## - SOURCE DATA FOUND

  • Source citation: Work cat.: (OSt)18094: Ashitha Mariya Shaji 6224, Spatio-temporal analysis of meteorological variables over India for 21st century: approach with CMIP6 climate models /, 2024.
free website counter